000 00410nam a2200169Ia 4500
003 OSt
005 20240226120416.0
008 170619s9999 xx 000 0 und d
020 _a9780071004725
040 _cIIMT ENGINEERING COLLEGE
100 _aHarrington S
245 0 _aCOMPUTER GRAPHICS : A PROGRAMMING APPROACH
260 _bMc Graw Hill
260 _c2009
546 _aENGLISH
942 _2ddc
_c01
999 _c18988
_d18988